Qatar Open Champions Tennis - Statistics

General Stats
  • This quiz has been taken 9 times
  • The average score is 24 of 34
Answer Stats
Year Country Winner % Correct
2026 Spain Carlos Alcaraz
100%
2023 Russia Daniil Medvedev
100%
2017 Serbia Novak Djokovic
100%
2016 Serbia Novak Djokovic
100%
2014 Spain Rafael Nadal
100%
2011 Switzerland Roger Federer
100%
2006 Switzerland Roger Federer
100%
2005 Switzerland Roger Federer
100%
2025 Russia Andrey Rublev
88%
2020 Russia Andrey Rublev
88%
2009 United Kingdom Andy Murray
88%
2008 United Kingdom Andy Murray
88%
2018 France Gaël Monfils
88%
2024 Russia Karen Khachanov
88%
2015 Spain David Ferrer
75%
2012 France Jo-Wilfried Tsonga
75%
2010 Russia Nikolay Davydenko
75%
2022 Spain Roberto Bautista Agut
75%
2019 Spain Roberto Bautista Agut
75%
1993 Germany Boris Becker
63%
1997 United States Jim Courier
63%
2021 Georgia Nikoloz Basilashvili
63%
2013 France Richard Gasquet
63%
1995 Sweden Stefan Edberg
63%
1994 Sweden Stefan Edberg
63%
2007 Croatia Ivan Ljubicic
50%
2001 Chile Marcelo Ríos
50%
1998 Czech Republic Petr Korda
50%
1996 Czech Republic Petr Korda
50%
2000 France Fabrice Santoro
38%
2004 France Nicolas Escudé
38%
1999 Germany Rainer Schüttler
13%
2002 Morocco Younes El Aynaoui
13%
2003 Austria Stefan Koubek
0%
No matching quizzes found
Score Distribution
Percent of People with Each Score
Percentile by Number Answered
Your Score History
You have not taken this quiz